Ciudades españolas con más despoblación - Estadísticas

Estadísticas generales
  • Esta prueba ha sido intentada 29 veces
  • La puntuación promedio es 10 de 20
Estadísticas de respuestas
Pérdida C. A. Ciudad % Correcto
11.910 Castilla y León Salamanca
93%
8.050 Castilla y León León
85%
5.292 Castilla y León Zamora
81%
22.183 Andalucía Cádiz
78%
16.764 Castilla y León Valladolid
74%
7.522 Asturias Avilés
70%
7.082 Cantabria Santander
70%
13.592 Galicia Ferrol
67%
7.129 Andalucía Granada
63%
4.011 Cantabria Torrelavega
59%
6.130 País Vasco Guecho
52%
7.466 Asturias Langreo
48%
11.601 Asturias Mieres
41%
6.266 País Vasco Portugalete
33%
5.072 Asturias Cangas del Narcea
26%
4.678 País Vasco Basauri
22%
4.852 Asturias San Martín del Rey Aurelio
7%
4.740 Castilla y León Villablino
7%
3.907 Asturias Valdés
4%
4.649 Asturias Aller
0%
No se encontraron pruebas coincidentes
Distribución de puntuación
Porcentaje de gente con cada puntuación
Porcentaje por número respondido
Historial de tus puntuaciones
No has intentado esta prueba.